Der deutsche roman vom Barock bis zur Gegenwart Struktur und Gesghichte I

محفوظ في:
التفاصيل البيبلوغرافية
المؤلف الرئيسي: Wiese, Benno Von
التنسيق: كتاب
اللغة:Undetermined
منشور في: Düsseldorf, Alemania August Bagel 1963
الموضوعات:
الوسوم: إضافة وسم
لا توجد وسوم, كن أول من يضع وسما على هذه التسجيلة!

MARC

LEADER 00000nam a2200000Ia 4500
008 170316s9999 xx 000 0 und d
040 |a cru BVZT 
090 |a 830 W-4de v.1 
100 |a Wiese, Benno Von 
245 |a Der deutsche roman vom Barock bis zur Gegenwart Struktur und Gesghichte I 
260 |a Düsseldorf, Alemania 
260 |b August Bagel 
260 |c 1963 
300 |a 442 páginas 
650 |a LITERATURA ALEMANA 
999 |c 7455  |d 7455 
942 |c 15 D  |h 830 W-4de v.1  |2 z